Tarikh e Al-Ummat (Mukammal) (Record no. 587173)

000 -LEADER
fixed length control field 00319nam a22001217a 4500
040 ## - CATALOGING SOURCE
Transcribing agency DLC
082 ## - DEWEY DECIMAL CLASSIFICATION NUMBER
Classification number 297.09
Author Mark JIB
100 ## - MAIN ENTRY--PERSONAL NAME
Personal name Pori, Allama Aslam Jibraj
9 (RLIN) 85925
245 ## - TITLE STATEMENT
Title Tarikh e Al-Ummat (Mukammal)
Statement of responsibility, etc. Allama Aslam Jibraj Pori
260 ## - PUBLICATION, DISTRIBUTION, ETC.
Place of publication, distribution, etc. ?
Name of publisher, distributor, etc. Dost Associates
Date of publication, distribution, etc. 1996
300 ## - PHYSICAL DESCRIPTION
Extent 684p.;
Other physical details ill.
942 ## - ADDED ENTRY ELEMENTS (KOHA)
Source of classification or shelving scheme
Koha item type Book
Holdings
Withdrawn status Lost status Source of classification or shelving scheme Damaged status Not for loan Permanent Location Current Location Date acquired Total Checkouts Full call number Barcode Date last seen Price effective from Koha item type
          School of Civil and Environmental Engineering (SCEE) School of Civil and Environmental Engineering (SCEE) 12/07/2021   297.09 JIB NIT-13378 12/07/2021 12/07/2021 Book
© 2023 Central Library, National University of Sciences and Technology. All Rights Reserved.